000 nam a22 a 4500
999 _c3014
_d3014
003 AKMAL
005 20170519090620.0
008 170519s1993 my 00 eng d
020 _a9838970239 (pbk.):
_cRM 20.00
040 _aAKMAL
_cAKMAL
049 _amal
082 0 4 _a658 ZIG
090 0 0 _a658
_bZIG
100 1 _aZiglar, Zig
_91448
245 1 _aTop performance /
_cZig Ziglar with Jim Savage
250 _aCastle ed. for Malaysia and Singapore
260 _aPetaling Jaya :
_bGlad Sounds,
_c1993
300 _a288p. ;
_c23cm
500 _aPublished by arrangement with Baker House, Michigan USA.
504 _aBibliography: p. 285-288
650 _aExecutive ability
_91222
650 _aBusiness communication
_91235
700 1 _aSavage, Jim
_96295
942 _2ddc
_cBOOK
949 _62000158690